| 000 | 00985nas a2200313 4500 | ||
|---|---|---|---|
| 001 | BR2010004229 | ||
| 003 | BR-BrBNA | ||
| 005 | 20231205114711.0 | ||
| 007 | ta | ||
| 008 | 230509b bl.|||p| |||| 00| 00por d | ||
| 040 |
_aBR-BrBNA _bpor _cBiblioteca Nacional de Agricultura |
||
| 041 | _a(Pt) | ||
| 072 | _aL01 | ||
| 100 | 1 | _aRubiano, G.A.G | |
| 100 | 1 | _aArrigoni, M.D.B. | |
| 100 | 1 | _aMartins, C.L. | |
| 100 | 1 | _aRodrigues, E. | |
| 100 | 1 | _aGonçalves, H.C. | |
| 100 | 1 | _aAngerami, C.N. | |
| 245 | 1 | _aDesempenho, características de carçaça e qualidade da carne de bovinos superprecoces das raças Canchim, Nelore e seus mestiços | |
| 650 | _aGADO NELORE | ||
| 650 | _aGADO CANCHIM | ||
| 650 | _aCARNE | ||
| 650 | _aCONFINAMENTO | ||
| 650 | _aCONVERSÃO ALIMENTAR | ||
| 773 | 0 |
_tRevista Brasileira de Zootecnia (Brazil) _xISSN 1516-3598 _g(Dec 2009), v. 38(12) p. 2490-2498 _wBR2010004229 |
|
| 909 |
_a202311 _bLúcia _c55 _dLúcia Elande |
||
| 942 |
_2AGRIS _n0 _cANA |
||
| 999 |
_c210026 _d210026 |
||